书目信息 |
| 题名: |
体育教学改革与发展动态研究
|
|
| 作者: | 李洪芳 , 张迎宾 著 | |
| 分册: | ||
| 出版信息: | 北京 北京工业大学出版社 2020.07 |
|
| 页数: | 170页 | |
| 开本: | 24cm | |
| 丛书名: | ||
| 单 册: | ||
| 中图分类: | G807.01 | |
| 科图分类: | ||
| 主题词: | 体育教学--ti yu jiao xue--教学改革--研究 | |
| 电子资源: | ||
| ISBN: | 978-7-5639-7575-4 | |
| 000 | 00912nam0 2200241 450 | |
| 001 | 2367829580 | |
| 005 | 20231123185042.58 | |
| 010 | @a978-7-5639-7575-4@dCNY58.00 | |
| 100 | @a20211116d2020 em y0chiy50 ea | |
| 101 | 0 | @achi |
| 102 | @aCN@b110000 | |
| 105 | @ay a 000yy | |
| 200 | 1 | @a体育教学改革与发展动态研究@Ati yu jiao xue gai ge yu fa zhan dong tai yan jiu@f李洪芳, 张迎宾著 |
| 210 | @a北京@c北京工业大学出版社@d2020.07 | |
| 215 | @a170页@d24cm | |
| 320 | @a有书目 (第169-170页) | |
| 330 | @a本书共分七章, 主要内容包括: 健康与体育锻炼、体育教学概述、体育教学训练方法路径、高校体育训练模式、体育教育改革与文化发展研究、体育教学的发展动态、高校体育教学渗透心理健康教育。 | |
| 606 | 0 | @a体育教学@Ati yu jiao xue@x教学改革@x研究 |
| 690 | @aG807.01@v5 | |
| 701 | 0 | @a李洪芳@Ali hong fang@4著 |
| 701 | 0 | @a张迎宾@Azhang ying bin@4著 |
| 801 | @aCN@b山东中教@c20231121 | |
| 905 | @aBZT@dG807.01@e7 | |
| 体育教学改革与发展动态研究/李洪芳, 张迎宾著.-北京:北京工业大学出版社,2020.07 |
| 170页;24cm |
| ISBN 978-7-5639-7575-4:CNY58.00 |
| 本书共分七章, 主要内容包括: 健康与体育锻炼、体育教学概述、体育教学训练方法路径、高校体育训练模式、体育教育改革与文化发展研究、体育教学的发展动态、高校体育教学渗透心理健康教育。 |
| ● |
| 相关链接 |
|
|
|
正题名:体育教学改革与发展动态研究
索取号:G807.01/7
 
预约/预借
| 序号 | 登录号 | 条形码 | 馆藏地/架位号 | 状态 | 备注 |
| 1 | 2001046253 | 2001046253 | 中教第一批/山东中教(第一批)/489/ [索取号:G807.01/7] | 在馆 | |
| 2 | 2001046254 | 2001046254 | 中教第一批/山东中教(第一批)/489/ [索取号:G807.01/7] | 在馆 | |
| 3 | 2001046255 | 2001046255 | 中教第一批/山东中教(第一批)/489/ [索取号:G807.01/7] | 在馆 | |
| 4 | 2001046256 | 2001046256 | 中教第一批/山东中教(第一批)/489/ [索取号:G807.01/7] | 在馆 | |
| 5 | 2001046257 | 2001046257 | 中教第一批/山东中教(第一批)/489/ [索取号:G807.01/7] | 在馆 | |
| 6 | 2001046258 | 2001046258 | 中教第一批/山东中教(第一批)/489/ [索取号:G807.01/7] | 在馆 |